Korene inšpirácií

Podrobná bibliografia
Hlavný autor: Paška, Ladislav, 1923-2007 (Autor)
Médium: Kniha
Jazyk:slovenčina
Fyzický popis:[44] s. 21 cm
Vydavateľské údaje: [Bratislava Klub seniorov ; Slovenský zvaz novinárov] [1982]
Predmet:

MARC

LEADER 00000cam a2200000 a 4500
001 vtls001182527
003 SK-MaSNL
005 20260301002700.0
008 240318s xo c 0 slo
035 |a SNK000125569 
040 |a SNK  |b slo  |c SNK  |e AACR2 
041 0 |a slo 
044 |a xo  |c SK 
080 |a 929 Paška, L.  |2 1981 
080 |a 885.4(091) Paška, L.  |2 1981 
100 1 |a Paška, Ladislav,  |d 1923-2007  |4 aut  |9 40065 
245 1 0 |a Korene inšpirácií  |c Laco Paška 
260 |a [Bratislava  |b Klub seniorov ; Slovenský zvaz novinárov]  |c [1982] 
300 |a [44] s.  |c 21 cm 
600 1 7 |a Paška, Ladislav,  |d 1923-2007  |2 SNK  |9 40065 
655 7 |a brožúry  |2 SNK  |9 70146 
958 |a OND 
999 |c 537867  |d 539797 
952 |a SNK  |b SNK  |y PREZ  |7 0  |p 17A1012316  |o snkSC 88197  |i snkD 60/96  |8 1  |0 0  |1 0  |4 0  |d 1996-03-11  |l 0  |r 2005-01-01 00:00:00  |w 2026-02-23 
952 |a SNK  |b SNK  |y VYP  |7 0  |p 17A0079569  |o snkSC 88197 D1  |i snkD 61/96  |8 1  |0 0  |1 0  |4 0  |d 2019-02-26  |l 0  |r 2026-02-23 12:30:32  |w 2026-02-23